Sage sourcebook of modern biomedical devices (Record no. 1158366)

MARC details
000 -LEADER
fixed length control field 01055nam a2200277Ia 4500
001 - CONTROL NUMBER
control field vtls001747730
003 - CONTROL NUMBER IDENTIFIER
control field NLI
005 - DATE AND TIME OF LATEST TRANSACTION
control field 20210628161539.0
008 - FIXED-LENGTH DATA ELEMENTS--GENERAL INFORMATION
fixed length control field 130611s2007 caua s 001 0 eng
020 ## - INTERNATIONAL STANDARD BOOK NUMBER
International Standard Book Number 9781412956239 (ebook)
039 #9 - LEVEL OF BIBLIOGRAPHIC CONTROL AND CODING DETAIL [OBSOLETE]
Level of rules in bibliographic description 201306182123
Level of effort used to assign nonsubject heading access points gopag
-- 201306111721
-- gopag
041 0# - LANGUAGE CODE
Language code of text/sound track or separate title eng
044 ## - COUNTRY OF PUBLISHING/PRODUCING ENTITY CODE
MARC country code cau
245 00 - TITLE STATEMENT
Title Sage sourcebook of modern biomedical devices
Medium [electronic resource] :
Remainder of title business environments in a global market.
260 ## - PUBLICATION, DISTRIBUTION, ETC.
Place of publication, distribution, etc. Los Angeles, [Calif.] ;
-- London :
Name of publisher, distributor, etc. SAGE,
Date of publication, distribution, etc. c2007.
300 ## - PHYSICAL DESCRIPTION
Extent 1 online resource (4 v. (xxxiii, 1306, 56 p.)) :
Other physical details ill.
650 #0 - SUBJECT ADDED ENTRY--TOPICAL TERM
Topical term or geographic name entry element Biomedical materials.
9 (RLIN) 722385
650 #0 - SUBJECT ADDED ENTRY--TOPICAL TERM
Topical term or geographic name entry element Biotechnology industries.
9 (RLIN) 943119
650 #0 - SUBJECT ADDED ENTRY--TOPICAL TERM
Topical term or geographic name entry element Medical instruments and apparatus industry.
9 (RLIN) 999237
856 40 - ELECTRONIC LOCATION AND ACCESS
Uniform Resource Identifier <a href="http://knowledge.sagepub.com/view/biomedicaldevices/SAGE.xml">http://knowledge.sagepub.com/view/biomedicaldevices/SAGE.xml</a>
887 ## - NON-MARC INFORMATION FIELD
Content of non-MARC field Gopa
905 ## - LOCAL DATA ELEMENT E, LDE (RLIN)
a Gopa
949 ## - LOCAL PROCESSING INFORMATION (OCLC)
-- VIRTUAITEM
-- 10000
-- 206
6 EBK000006404ENG
e EBK6404
942 ## - ADDED ENTRY ELEMENTS (KOHA)
Source of classification or shelving scheme Dewey Decimal Classification
Koha item type Books
Holdings
Withdrawn status Lost status Damaged status Not for loan Home library Current library Date acquired Total Checkouts Barcode Date last seen Price effective from Koha item type
        National Library of India National Library of India     EBK000006404ENG 28/06/2021 28/06/2021 Books
                                                                           
web counter

Copyright ©2020 The National Library of India, Govt. of India ↔ Hosted by NVLI, MOC ↔ Technology and Design by National Library of India, Ministry of Culture, Govt. of India